100 prénoms masculins les plus populaires au Québec - 2005 - Statistiques

Statistiques générales
  • Ce quiz a été pris 22 fois
  • Le résultat moyen est 37 sur 100
Statistiques - réponses
Réponse % Correct
Alex
79%
Alexandre
79%
Antoine
79%
Louis
79%
Gabriel
64%
Léo
64%
Mathieu
64%
Nathan
64%
Olivier
64%
Raphaël
64%
Victor
64%
William
64%
Alexis
57%
Christophe
57%
Jeremie
57%
Jeremy
57%
Kevin
57%
Luca
57%
Michaël
57%
Philippe
57%
Samuel
57%
Simon
57%
Thomas
57%
Vincent
57%
Anthony
50%
Charles
50%
Christopher
50%
Émile
50%
Étienne
50%
James
50%
Liam
50%
Mathis
50%
Maxim
50%
Maxime
50%
Benjamin
43%
Félix
43%
Frédéric
43%
Guillaume
43%
Hugo
43%
Jacob
43%
Julien
43%
Laurent
43%
Loïc
43%
Lucas
43%
Mohamed
43%
Rémi
43%
Xavier
43%
Dylan
36%
Elliot
36%
Justin
36%
Nicolas
36%
Noah
36%
David
29%
Emmanuel
29%
Ethan
29%
Francis
29%
Isaac
29%
Jonathan
29%
Marc-Antoine
29%
Mathys
29%
Matteo
29%
Mickaël
29%
Rafaël
29%
Ryan
29%
Sébastien
29%
Zachary
29%
Zackary
29%
Adam
21%
Andrew
21%
Arnaud
21%
Cédric
21%
Daniel
21%
Jérôme
21%
Jordan
21%
Mathias
21%
Matis
21%
Matthew
21%
Tommy
21%
Tristan
21%
Zakary
21%
Alexy
14%
Brandon
14%
Édouard
14%
Evan
14%
Frédérick
14%
Jason
14%
Joseph
14%
Joshua
14%
Mikaël
14%
Nathaniel
14%
Nicholas
14%
Rayan
14%
Alexander
7%
Cédrick
7%
Derek
7%
Louis-Philippe
7%
Ludovic
7%
Shawn
7%
Joey
0%
Miguel
0%
Aucun quiz correspondant
Distribution des résultats
% des personnes avec chaque résultat
Percentile par nombre de réponses
Votre historique - résultats
Vous n’avez pas pris ce quiz